Normal view
MARC view
- Ali Iqbal Jatoi
Entry Personal Name
001 - CONTROL NUMBER
- control field: 9546
003 - CONTROL NUMBER IDENTIFIER
- control field: NUST
005 - DATE AND TIME OF LATEST TRANSACTION
- control field: 20180123094655.0
008 - FIXED-LENGTH DATA ELEMENTS
- fixed length control field: 180123|| aca||aabn | a|a d
040 ## - CATALOGING SOURCE
- Original cataloging agency: NUST
- Transcribing agency: NUST
100 ## - HEADING--PERSONAL NAME
- Personal name: Ali Iqbal Jatoi
670 ## - SOURCE DATA FOUND
- Source citation: Work cat.: (NUST)321597: Ali Iqbal Jatoi, Bibliography of Folk Literature, 1980
